Città più popolose non Capoluogo Abruzzo - Statistics

Statistiche generali
  • Questo quiz è stato fatto 33 volte
    19 dall'ultimo reset
  • Il punteggio medio è 7 su 10
Statistiche sulle risposte
Popolazione Provincia Città % Corretto
42 484 L'Aquila Avezzano
94%
54 268 Pescara Montesilvano
81%
23 899 L'Aquila Sulmona
81%
41 516 Chieti Vasto
81%
34 846 Chieti Lanciano
75%
25 679 Teramo Roseto degli Abruzzi
75%
25 870 Chieti Francavilla al Mare
69%
22 980 Chieti Ortona
69%
23 737 Teramo Giulianova
63%
20 185 Chieti San Salvo
56%
Nessun quiz corrispondente trovato
Distribuzione punteggi
Percentuale di utenti per punteggio
Percentile per numero di risposta
I tuoi punteggi nel tempo
Non hai fatto questo quiz dall'ultimo reset